00314pab a2200121 454500008004000000100002400040245005700064260000900121300001200130362001200142650002200154773001600176180718b1997 xxu||||| |||| 00| 0 eng d aBalooni, Kulbhushan aAvailability of wasteland for afforestation in India c1997 ap.93-94 aJan-Feb aForest management aKurukshetra